00534nam a2200169Ia 4500003000900000008004100009020001800050040001600068080001600084100002000100245012200120260003400242300001500276650004100291650001500332650001700347IN-BaIIA211028s9999 xx 000 0 eng d a0-7167-1700-X cIIA Library a523.68bWAS aWasson, John T. 0aMeteoritesbtheir records of early solar-system historycJohn T. Wasson  aNew YorkbW. H. Freemanc1985 avii, 267p. aAstronomy and astrophysics thesaurus aMeteorites aSolar-system